| 000 | 00568nam a2200181 i 4500 | ||
|---|---|---|---|
| 001 | 72710 | ||
| 003 | ES-MaACL | ||
| 005 | 20230906171529.0 | ||
| 007 | t| | ||
| 008 | 040902s1978 sp ||||1| spa d | ||
| 100 | 1 |
_aGluckman, Max. _957458 |
|
| 245 | 1 | 0 |
_aPolítica, derecho y ritual en la sociedad tribal / _cMax Gluckman ; [traducción, José Luis Vélez y Teodoro Nieto]. |
| 260 |
_a[Madrid] : _bAkal, _c[1978] |
||
| 300 |
_a377 p. ; _c22 cm. |
||
| 700 | 1 |
_aVélez, Juan José. _9113825 |
|
| 700 | 1 |
_aNieto, Teodoro. _985667 |
|
| 852 |
_aES-MaACL _jA-9049 _bR.97899 |
||
| 999 |
_c72710 _d72710 |
||